00850nam a22002297a 4500999001900000005001700019010001500036020003000051035001400081037001300095082000800108245008800116260005000204270008100254300004700335700001800382700001900400700002000419700001700439942002200456952014200478 c177238d17723820210215171347.0 aENG-128982 c299.00a978-93-86473-93-6 aEN-112514 bDBAD/PUB a920 aWhen Two Streams Met: Lessons from India's Freedom Struggle/cBharat Dogra, et. al. aNew DelhibVitasta Publishing Pvt. Ltd.c2020 bNew Delhia2/15, Ansari Roaad, Daryaganje110002minfo@vitastapublishing.com a134p.c21cm(pbk)bIncluding Illustrations. aDogra, Bharat aBharti, Reshma aSingh, Jagmohan aDogra, Madhu 2ddccENh920mWHE 001040708NFICaAVbAVd2021-02-15eDBAD/PUBg299.00l3o920 WHEpEN-112514r2022-09-14 00:00:00s2022-08-30t1v299.00w2021-02-15yEN